000 00355nam a22001457a 4500
003 OSt
008 250502b |||||||| |||| 00| 0 eng d
100 _aANAND,Ajay
245 _aVijay Anand Bhajan part -1 (Na to der h na andehr h)
250 _a23th
260 _aPunjab
_bAnand Prakashan
_c2023
300 _a144
650 _aGeneral
942 _2ddc
_cBK
999 _c13499
_d13499